Les films dans lesquels Owen Wilson a joué - Statistiques

Statistiques générales
  • Ce quiz a été pris 3 fois
  • Le résultat moyen est 9 sur 54
Statistiques - réponses
Année de sortie Film % Correct
2006 La Nuit au musée
100%
2009 La Nuit au musée 2
100%
2014 La Nuit au musée: Le Secret des Pharaons
100%
2013 Les Stagiaires
67%
2004 Starsky et Hutch
67%
2001 Zoolander
67%
2016 Zoolander 2
67%
2011 Bon à tirer (B.A.T)
33%
2008 Marley et moi
33%
2000 Mon beau-père et moi
33%
2010 Mon beau-père et nous
33%
2004 Mon beau-père, mes parents et moi
33%
2000 Shanghai Kid
33%
2003 Shanghai Kid 2
33%
2014 The Grand Budapest Hotel
33%
2017 Wonder
33%
2007 A bord du Darjeeling Limited
0%
2013 Amis pour la vie
0%
1997 Anaconda, le prédateur
0%
2023 Ant-Man et la Guêpe: Quantumania
0%
1998 Armageddon
0%
2002 Base secrète
0%
1996 Bottle Rocket
0%
1999 Breakfast of Champions
0%
2015 Broadway Therapy
0%
2010 Comment savoir
0%
1996 Disjoncté
0%
2008 Drillbit Taylor, garde du corps
0%
2001 En territoire ennemi
0%
2002 Espion et demi
0%
2021 Etat d'esprit
0%
2017 Father Figures
0%
2026 Focker In-Law
0%
1999 Hantise
0%
2015 Inherent Vice
0%
2001 La Famille Tenenbaum
0%
2004 La Grande Arnaque
0%
2004 La Vie aquatique
0%
2023 Le Manoir hanté
0%
2016 Les Cerveaux
0%
2004 Le Tour du monde en 80 jours
0%
2022 Marry Me
0%
2011 Minuit à Paris
0%
2015 No Escape
0%
2023 Paint
0%
1998 Permanent Midnight
0%
1998 Rushmore
0%
2005 Serial noceurs
0%
2011 The Big Year
0%
2021 The French Dispatch
0%
1999 The Minus Man
0%
2005 The Wendell Baker Story
0%
2006 Toi et moi...et Dupree
0%
2003 Yeah Right!
0%
Aucun quiz correspondant
Distribution des résultats
% des personnes avec chaque résultat
Percentile par nombre de réponses
Votre historique - résultats
Vous n’avez pas pris ce quiz